El señor de los anillos i : la comunidad del anillo /

Guardado en:
Autor Principal: Tolkien, J.r.r.
Formato: Libro
Publicado: Buenos Aires : Minotauro, 2007
Materias:
Etiquetas: Agregar Etiqueta
Sin Etiquetas, Sea el primero en etiquetar este registro!
LEADER 00772nam a22002415a 4500
001 CEM.cems013016
005 20081023113028.0
008 130507s2007##################000#0#####d
003 CEMS
020 |a 9789505471140 
082 0 4 |a 823.9 
100 1 |a Tolkien, J.r.r. 
245 1 0 |a El señor de los anillos i :  |b la comunidad del anillo /  |c J.R.R. Tolkien 
260 |a Buenos Aires :  |b Minotauro,  |c 2007 
300 |a 544 p. 
653 |a Literatura 
653 |a Literatura inglesa 
653 |a Literatura ciencia ficción 
653 |a Novelas 
653 |a Novela ciencia ficción 
653 |a Novela inglesa-siglo 20 
859 |a CEMS  |b BIB. CEMS - 11 de abril  |h 823.9  |i T577-3  |p 25432.08  |t Ej.1  |v 1  |3 1 
859 |a CEMS  |b BIB. CEMS - 11 de abril  |h 823.9  |i T577-3  |p 27336.16  |t Ej.2  |v 1  |3 1